Použitie raloxifénu hydrochloridu na prípravu lieku na prevenciu karcinómu prsníka

Podrobná bibliografia
Korporatívny autor: Eli Lilly and Company (Indianapolis, Spojené štáty americké) (Majiteľ patentu)
Ďalší autori: Eckert, Robert S. (Pôvodca), Glusman, Joan E. (Pôvodca), Knickerbocker, Ronald K. (Pôvodca), Nickelsen, Nikolaus T. (Pôvodca), Scott, Teri J. (Pôvodca), Cohen, Fredric J. (Pôvodca)
Médium: Kniha
Jazyk:slovenčina
PhysicalDescription:12 s. obr., tab. 30 cm
Vydavateľské údaje: [Banská Bystrica] Úrad priemyselného vlastníctva SR [2009]
Predmet:

MARC

LEADER 00000cam a2200000 a 4500
001 vtls009966422
003 SK-MaSNL
005 20260302044406.0
008 251120s2009 xo a j f000 0 slo
013 |a 287047  |b xxu  |c patent  |d 20091007  |e dátum nadobudnutia účinkov patentu (Vestník ÚPV SR č.: 10/2009)  |d 20090930  |e dátum sprístupnenia patentu 
013 |a 559-99  |e číslo prihlášky  |d 19971029  |e dátum podania prihlášky  |d 20000612  |e dátum zverejnenia prihlášky (Vestník ÚPV SR č.: 06/2000) 
013 |a 60/029 850, 96248000.0, 60/040 260  |e číslo prioritnej prihlášky  |d 19961030, 19961129, 19970310  |e dátum podania prioritnej prihlášky  |e kód krajiny prioritnej prihlášky 
013 |a 287047  |b xxk  |c patent  |d 20091007  |e dátum nadobudnutia účinkov patentu (Vestník ÚPV SR č.: 10/2009)  |d 20090930  |e dátum sprístupnenia patentu 
015 |a SNBN2015 
040 |a SNK  |b slo  |c SNK  |e AACR2 
041 0 |a slo 
044 |a xo  |c SK 
072 7 |a 615  |x Farmácia. Farmakológia  |2 konspekt 
072 7 |a 618  |x Gynekológia. Pôrodníctvo  |2 konspekt 
080 |a 615.2/.3  |2 2001 
080 |a 618.19-006.6  |2 2001 
080 |a 615.45  |2 2001 
084 |a A61K 31/4523  |2 IPC 
084 |a A61P 35/00  |2 IPC 
084 |a A61K 9/00  |2 IPC 
084 |a A61K 31/381  |2 IPC 
084 |a A61K 31/445  |2 IPC 
084 |a A61P 5/00  |2 IPC 
084 |a A61P 43/00  |2 IPC 
245 0 0 |a Použitie raloxifénu hydrochloridu na prípravu lieku na prevenciu karcinómu prsníka  |c Fredric J. Cohen ... [et al.] ; patent. zást. Bezák, Hörmannová, Tomeš, Patentová a známková kancelária, Bratislava 
260 |a [Banská Bystrica]  |b Úrad priemyselného vlastníctva SR  |c [2009] 
300 |a 12 s.  |b obr., tab.  |c 30 cm 
650 0 7 |a liečivá  |2 SNKPH  |9 2452 
650 0 7 |a karcinóm prsníka  |2 SNKPH  |9 28679 
650 0 7 |a Medicaments  |2 SNKPHeng  |9 275427 
650 0 7 |a Breast carcinoma  |2 SNKPHeng  |9 265005 
650 0 7 |a liečivé prípravky  |2 SNKPH  |9 84057 
650 0 7 |a Pharmaceutical preparations  |2 SNKPHeng  |9 303429 
655 7 |a patenty  |2 SNKPH  |9 177343 
655 7 |a patent licenses  |2 SNKPHeng  |9 303430 
700 1 |a Eckert, Robert S.  |4 org  |9 700110 
700 1 |a Glusman, Joan E.  |4 org  |9 700111 
700 1 |a Knickerbocker, Ronald K.  |4 org  |9 700112 
700 1 |a Nickelsen, Nikolaus T.  |4 org  |9 700113 
700 1 |a Scott, Teri J.  |4 org  |9 700114 
700 1 |a Cohen, Fredric J.  |4 org  |9 700115 
710 2 |a Eli Lilly and Company (Indianapolis, Spojené štáty americké)  |4 pth  |9 477770 
710 2 |a Patentová a známková kancelária (Bratislava, Slovensko)  |4 oth  |9 700116 
999 |c 1089521  |d 1091451 
952 |a SNK  |b SNK  |y PREZ  |7 0  |p 17A1139679  |o snkSK 287047  |i snk2014/24740  |8 0  |0 0  |1 0  |4 0  |d 2015-03-03  |l 0  |r 2026-02-24 16:53:13  |w 2026-02-24